Cambridge IELTS. (Record no. 37834)
[ view plain ]
| 000 -LEADER | |
|---|---|
| fixed length control field | 01157nam a2200289 a 4500 |
| 001 - CONTROL NUMBER | |
| control field | 37834 |
| 003 - CONTROL NUMBER IDENTIFIER | |
| rucl marc code | BD-RjUL |
| 005 - DATE AND TIME OF LATEST TRANSACTION | |
| control field | 20211209052648.0 |
| 008 - FIXED-LENGTH DATA ELEMENTS--GENERAL INFORMATION | |
| fixed length control field | 020823s2002 enk 000 0 eng d |
| 020 ## - INTERNATIONAL STANDARD BOOK NUMBER | |
| International Standard Book Number | 052101333X |
| International Standard Book Number | 0521013356 (cassettes) |
| International Standard Book Number | 0521013364 (discs) |
| 035 ## - SYSTEM CONTROL NUMBER | |
| System control number | (BD-RjUL)37939 |
| 040 ## - CATALOGING SOURCE | |
| Transcribing agency | BD-RjUL |
| 082 ## - DEWEY DECIMAL CLASSIFICATION NUMBER | |
| Edition number | 20 |
| Classification number | 428.24076 |
| Author mark and year | CAM 2002 |
| 245 00 - TITLE STATEMENT | |
| Title | Cambridge IELTS. |
| Number of part/section of a work | 3 : |
| Remainder of title | examination papers from the University of Cambridge Local Examinations Syndicate. |
| 260 ## - PUBLICATION, DISTRIBUTION, ETC. (IMPRINT) | |
| Place of publication, distribution, etc. | Cambridge : |
| Name of publisher, distributor, etc. | Cambridge University Press, |
| Date of publication, distribution, etc. | 2002. |
| 300 ## - PHYSICAL DESCRIPTION | |
| Pagination | iv, 172 p. : |
| Illustrations | ill. ; |
| Size | 25 cm. + |
| Accompanying material | 2 sound cassettes + 2 sound discs (digital ; 4 3/4 in.) |
| 500 ## - GENERAL NOTE | |
| General note | "With answers edition." |
| General note | Accompanied by sound cassettes and sound discs. |
| 650 #0 - SUBJECT ADDED ENTRY--TOPICAL TERM | |
| Topical term or geographic name as entry element | International English Language Testing System |
| Form subdivision | Study guides. |
| 9 (RLIN) | 117216 |
| Topical term or geographic name as entry element | English language |
| Form subdivision | Examinations, questions, etc. |
| 9 (RLIN) | 117046 |
| Topical term or geographic name as entry element | English language |
| Form subdivision | Textbooks for foreign speakers. |
| 9 (RLIN) | 117011 |
| Topical term or geographic name as entry element | Language |
| Form subdivision | Examination Questions. |
| 9 (RLIN) | 117220 |
| 710 2# - ADDED ENTRY--CORPORATE NAME | |
| Corporate name or jurisdiction name as entry element | University of Cambridge. |
| Subordinate unit | Local Examinations Syndicate. |
| 9 (RLIN) | 117217 |
| 942 ## - ADDED ENTRY ELEMENTS (KOHA) | |
| Source of classification or shelving scheme | Dewey Decimal Classification |
| Koha item type | Audio Visual (AV) Materials |
| Lost status | Source of classification or shelving scheme | Damaged status | Not for loan | Collection code | Permanent Location | Current Location | Shelving location | Date acquired | Source of acquisition | Cost, normal purchase price | Total Checkouts | Full call number | Date last seen | Copy number | Koha item type |
|---|---|---|---|---|---|---|---|---|---|---|---|---|---|---|---|
| Dewey Decimal Classification | Not For Loan | Non-fiction | Central Library, University of Rajshahi | Central Library, University of Rajshahi | Audio Visual Section | 20/01/2002 | Karim International | 250.00 | AV 428.24076 CAM 2002 | 30/07/2015 | C.1 | Audio Visual (AV) Materials |